Моделирование и управление гибким автоматизированным производством бурильных труб с применением нечётких систем; Приборы и системы. Управление, контроль, диагностика; № 2

Bibliographic Details
Parent link:Приборы и системы. Управление, контроль, диагностика: научно-технический и производственный журнал.— , 2000-
№ 2.— 2004.— С. 20-22
Main Author: Абдуллаев Г. С.
Language:Russian
Published: 2004
Series:Автоматизированные системы управления
Subjects:
Format: Book Chapter
KOHA link:https://koha.lib.tpu.ru/cgi-bin/koha/opac-detail.pl?biblionumber=391022

MARC

LEADER 00000naa2a2200000 4500
001 391022
005 20231101064036.0
035 |a (RuTPU)RU\TPU\prd\24684 
090 |a 391022 
100 |a 20040401a2004 k y0rusy50 ca 
101 0 |a rus 
102 |a RU 
200 1 |a Моделирование и управление гибким автоматизированным производством бурильных труб с применением нечётких систем  |f Г. С. Абдуллаев 
225 1 |a Автоматизированные системы управления 
320 |a Библиогр.: 2 назв. 
461 1 |0 (RuTPU)RU\TPU\prd\1687  |t Приборы и системы. Управление, контроль, диагностика  |o научно-технический и производственный журнал  |d 2000- 
463 1 |0 (RuTPU)RU\TPU\prd\23592  |t № 2  |v С. 20-22  |d 2004 
610 1 |a моделирование 
610 1 |a автоматизированное производство 
610 1 |a бурильные трубы 
610 1 |a гибкое производство 
610 1 |a управление производством 
610 1 |a нечёткие системы 
610 1 |a применение 
610 1 |a уравнения 
610 1 |a промышленные роботы 
700 1 |a Абдуллаев  |b Г. С. 
801 1 |a RU  |b 63413507  |c 20040401  |g PSBO 
801 2 |a RU  |b 63413507  |c 20121008  |g RCR 
942 |c BK